Top 100 Wertvollste Fussballspieler 2024/25 - Statistiken

Allgemein
  • Dieses Quiz wurde 768 mal gespielt
  • Das Durchschnittsergebnis liegt bei 31 aus 100
Antwortstatistiken
Rang Hint Wert Antwort % Korrekt
75. Tottenham 70.4 Mio. Van de Ven
97%
2. Manchester City 221.5 Mio. Erling Haaland
96%
5. Real Madrid 175.2 Mio. Kylian Mbappe
96%
7. Leverkusen 151.2 Mio. Florian Wirtz
94%
4. Barcelona 180.3 Mio. Lamine Yamal
92%
1. Real Madrid 251.4 Mio. Jude Bellingham
89%
3. Real Madrid 205.7 Mio. Vinicius Junior
88%
14. Bayern München 117.1 Mio. Jamal Musiala
84%
6. Arsenal 157.3 Mio. Bukayo Saka
83%
8. Chelsea 150.0 Mio. Cole Palmer
74%
9. Manchester City 144.6 Mio. Phil Foden
73%
10. Real Madrid 141.3 Mio. Rodrygo
71%
73. Manchester City 70.6 Mio. Rodri
65%
19. Arsenal 108.3 Mio. Declan Rice
62%
12. Atletico Madrid 125.2 Mio. Julian Alvarez
61%
33. RB Leipzig 94.6 Mio. Xavi Simons
59%
11. Arsenal 130.1 Mio. Kai Havertz
58%
17. Real Madrid 114.0 Mio. Federico Valverde
57%
44. Arsenal 88.6 Mio. Martin Odegaard
57%
20. Inter Milan 107.2 Mio. Lautaro Martinez
56%
49. Barcelona 85.3 Mio. Pedri
55%
15. RB Leipzig 116.6 Mio. Benjamin Sesko
52%
23. Real Madrid 105.2 Mio. Eduardo Camavinga
52%
27. Arsenal 101.8 Mio. William Saliba
48%
26. Real Madrid 102.5 Mio. Aurelien Tchouameni
42%
35. RB Leipzig 94.0 Mio. Lois Openda
42%
67. Liverpool 72.1 Mio. Luis Diaz
42%
53. Leverkusen 83.6 Mio. Jeremie Frimpong
41%
47. Bayern München 86.7 Mio. Michael Olise
41%
28. Arsenal 101.2 Mio. Gabriel Martinelli
40%
16. Manchester City 115.7 Mio. Josko Gvardiol
40%
32. Newcastle United 95.8 Mio. Alexander Isak
39%
60. AC Milan 78.2 Mio. Rafael Leao
37%
34. Chelsea 94.5 Mio. Enzo Fernandez
36%
52. Real Madrid 83.7 Mio. Arda Güler
35%
37. PSG 93.7 Mio. Bradley Barcola
33%
70. Arsenal 71.2 Mio. Gabriel
33%
29. Liverpool 99.8 Mio. Darwin Nunez
32%
39. Manchester City 92.1 Mio. Jeremy Doku
32%
46. Chelsea 87.3 Mio. Moises Caicedo
31%
69. Barcelona 71.6 Mio. Raphinha
30%
18. Manchester United 111.2 Mio. Rasmus Hojlund
30%
63. Sporting 73.6 Mio. Viktor Gyökeres
30%
90. Leverkusen 65.3 Mio. Victor Boniface
29%
42. Inter Milan 89.1 Mio. Marcus Thuram
27%
97. Barcelona 63.0 Mio. Pau Cubarsi
27%
41. Liverpool 90.2 Mio. Alexis Mac Allister
26%
24. Liverpool 104.3 Mio. Cody Gakpo
26%
96. Juventus 63.1 Mio. Dusan Vlahovic
26%
68. Inter Milan 72.0 Mio. Nicolo Barella
25%
31. Manchester United 97.4 Mio. Alejandro Garnacho
24%
21. PSG 105.4 Mio. Joao Neves
23%
74. Napoli 70.5 Mio. Khvicha Kvaratskhelia
23%
13. Manchester City 118.3 Mio. Savinho
23%
89. Dortmund 65.3 Mio. Jamie Bynoe-Gittens
22%
22. Chelsea 105.4 Mio. Nicolas Jackson
22%
76. Athletic Club 70.1 Mio. Nico Williams
22%
93. Aston Villa 64.1 Mio. Ollie Watkins
22%
36. Liverpool 93.9 Mio. Dominik Szoboszlai
21%
59. Inter Milan 79.7 Mio. Alessandro Bastoni
20%
30. Liverpool 98.2 Mio. Ryan Gravenberch
20%
50. Barcelona 85.0 Mio. Alejandro Balde
19%
43. Real Madrid 89.1 Mio. Endrick
19%
48. Manchester United 86.1 Mio. Kobbie Mainoo
19%
56. Juventus 80.6 Mio. Kenan Yildiz
18%
86. Bayern München 66.1 Mio. Aleksandar Pavlovic
15%
54. Newcastle United 81.2 Mio. Anthony Gordon
14%
40. Leverkusen 90.3 Mio. Piero Hincapie
13%
25. PSG 103.0 Mio. Warren Zaire-Emery
13%
51. Barcelona 84.0 Mio. Fermin Lopez
11%
91. Newcastle United 65.2 Mio. Bruno Guimaraes
10%
71. Tottenham 70.8 Mio. Dejan Kulusevski
10%
88. Arsenal 65.5 Mio. Ben White
9%
94. Brighton 64.0 Mio. Joao Pedro
9%
80. Manchester United 68.3 Mio. Joshua Zirkzee
9%
45. Manchester City 87.5 Mio. Rico Lewis
9%
95. Real Madrid 63.6 Mio. Brahim
8%
61. Aston Villa 74.5 Mio. Jhon Duran
8%
38. Chelsea 92.3 Mio. Noni Madueke
8%
99. Aston Villa 62.7 Mio. Amadou Onana
7%
58. Tottenham 80.1 Mio. Brennan Johnson
6%
57. Liverpool 80.3 Mio. Curtis Jones
6%
82. Dortmund 68.1 Mio. Maximilian Beier
6%
55. Aston Villa 80.9 Mio. Morgan Rogers
6%
100. AC Milan 62.5 Mio. Tijjani Reijnders
6%
77. Tottenham 69.4 Mio. Destiny Udogie
5%
98. Atalanta 62.8 Mio. Mateo Retegui
5%
92. RB Leipzig 64.3 Mio. Antonio Nusa
4%
85. West Ham 66.2 Mio. Mohammed Kudus
3%
62. Juventus 74.2 Mio. Francisco Conceicao
2%
66. Chelsea 72.1 Mio. Levi Colwill
2%
79. Atletico Madrid 68.3 Mio. Pablo Barrios
2%
83. Brighton 67.3 Mio. Bart Verbruggen
1%
72. Tottenham 70.7 Mio. Pape Matar Sarr
1%
84. Atalanta 66.3 Mio. Charles De Ketelaere
0%
64. Atletico Madrid 73.0 Mio. Conor Callagher
0%
78. Bournemouth 69.3 Mio. Evanilson de Lima
0%
87. Bournemouth 65.8 Mio. Ilya Zabarnyi
0%
81. PSG 68.2 Mio. Lucas Beraldo
0%
65. FC Porto 72.8 Mio. Samu Aghehowa
0%
Keine übereinstimmenden Quizze gefunden
Verteilung der Resultate
Anzahl Personen mit jedem Resultat
Perzentil nach korrekt beantworteten Fragen
Ihre Resultats-Entwicklung
Sie haben dieses Quiz noch nicht gespielt